00713cam a22002175a 45000010009000000050017000090080041000260100017000670200030000840400013001140820021001272450086001482500012002342600033002462630009002793000024002885000020003129420012003329990017003449520134003611543464820090303095720.0080902s2008 nyu 000 0 eng  a 2008936482 a9783540884040 (hardcover) aDLCcDLC 220a624.151bGRO00aGroundwater geophysics :ba tool for hydrogeology /c[edited by] Reinhard Kirsch. a2nd ed. aNew York :bSpringer,c2008. a0809 a548 p:bill;c22cm. aIncludes Index. 2ddccBB c11175d11175 00102ddc40708BaccahaMAINbMAINc1STd2009-04-05epurchaseg1040.00h7117l0o624.151 GROp000015621r2025-07-15 00:00:00yBB